000
00310nam a22001337a 4500
008
170524b xxu||||| |||| 00| 0 eng d
020
_a
9780132239820
041
_a
eng
080
_2
8 ED
_a
62
100
_a
26
101
_a
IM
245
_a
LABORATORY MANUAL DIGITAL ELECTRONIC
_c
KLEITZ.W
942
_2
udc
_c
BK
999
_c
14061
_d
14061